Currencies of Asia Map Quiz - Statistics

General Stats
  • This quiz has been taken 132 times
  • The average score is 17 of 33
Answers on the Map
Answers color-coded by a green-red scale on the quiz's map according to % correct below.
 
Answer Stats
Answer % Correct
Rupee
82%
Yen
82%
Yuan
77%
Afghani
74%
Dollar
72%
Peso
72%
Ðồng
69%
Lira
69%
Won
69%
Euro
67%
Rupiah
64%
Shekel
64%
Baht
62%
Dinar
56%
Riyal
56%
Rial
54%
Manat
51%
Tögrög
51%
Lari
46%
Ngultrum
46%
Ringgit
46%
Dirham
44%
Dram
44%
Riel
44%
Rufiyaa
41%
Kip
38%
Taka
38%
Pound
36%
Kyat
33%
Tenge
31%
Som
23%
Somoni
18%
Sum
18%
No matching quizzes found
Score Distribution
Percent of People with Each Score
Percentile by Number Answered
Your Score History
You have not taken this quiz